000 00472cam a2200157 4500500
005 20260329001422.0
041 _afre
042 _adc
100 1 0 _aVimal, Thierry
_eauthor
245 0 0 _aJambon maigre
260 _c2007.
500 _a37
690 _aMiguel Benasayag
786 0 _nPhilosophie magazine | 7 | 3 | 2007-03-01 | p. 63-63 | 1951-1787
856 4 1 _uhttps://shs.cairn.info/magazine-philosophie-magazine-2007-3-page-63?lang=fr&redirect-ssocas=7080
999 _c1805219
_d1805219